00669nam a2200277Ia 4500008004100000020001800041100002100059245003900080245002100119250001700140260001500157260002000172260000900192300001700201300001100218440002800229440001000257650001600267650002900283650001300312650001900325650001300344650001300357650001300370700000800383160803s9999 xx 000 0 und d a9780439650755 aCollins, Suzanne aGregor and the Prophecy of Bane /  cSuzanne Collins. a1st edition. aNew York : bScholastic Inc. c2004 a312 pages ;  c22 cm. aUnderland chronicles ;  vbk. 2 aAnimals --  aBrothers and sisters --  aFantasy. aFriendship --  xFiction. xFiction. xFiction. a680